000
00202nam a2200085Ia 4500
008
170620s9999 xx 000 0 und d
100
_a
Chaturvedi
245
0
_a
Labour and Industrial Law
260
_b
Central Law Pub.
260
_c
2001
999
_c
28675
_d
28675